Základy manažmentu inovácií
Salvato in:
| Autore principale: | |
|---|---|
| Ente Autore: | |
| Altri autori: | , , , |
| Natura: | Libro |
| Lingua: | slovacco |
| Pubblicazione: |
Bratislava
Vydavateľstvo EKONÓM
2011
|
| Soggetti: | |
| Tags: |
Nessun Tag, puoi essere il primo ad aggiungerne!!
|
MARC
| LEADER | 00000nam a2200000 4500 | ||
|---|---|---|---|
| 001 | 0136536 | ||
| 005 | 20240502072529.5 | ||
| 020 | |a 978-80-225-3184-9 | ||
| 041 | 0 | |a slo | |
| 044 | |a SK | ||
| 245 | 1 | 0 | |a Základy manažmentu inovácií |c Pavel Vavrinčík, Jaroslav Dugas, Vojtech Ferencz |
| 264 | 1 | |a Bratislava |b Vydavateľstvo EKONÓM |c 2011 | |
| 300 | |a 228 s. [13,194 AH] | ||
| 610 | 2 | 0 | |a inovácia |
| 610 | 2 | 0 | |a manažment inovačný |
| 610 | 2 | 0 | |a stratégia inovačná |
| 610 | 2 | 0 | |a inovácia výrobkov |
| 610 | 2 | 0 | |a podnikanie |
| 610 | 2 | 0 | |a riziko podnikateľské |
| 610 | 2 | 0 | |a jednotka podnikateľská |
| 610 | 2 | 0 | |a kvalita |
| 610 | 2 | 0 | |a marketing |
| 610 | 2 | 0 | |a klaster |
| 100 | 1 | |a Vavrinčík, Pavel | |
| 700 | 1 | |a Dugas, Jaroslav, 1967- | |
| 700 | 1 | |a Ferencz, Vojtech | |
| 700 | 1 | |a Thomasová, Elena | |
| 700 | 1 | |a Mesároš, Peter | |
| 710 | 2 | |a Ekonomická univerzita v Bratislave. Podnikovohospodárska fakulta so sídlom v Košiciach | |